| 000 | 00820nam a22002537a 4500 | ||
|---|---|---|---|
| 999 |
_c77119 _d77119 |
||
| 005 | 20230113145301.0 | ||
| 010 | _aENG-107765, ENG-135998 | ||
| 020 |
_a9781259064227 _c375.00 |
||
| 020 |
_a1259064220 _c375.00 |
||
| 035 | _aEN-91298 | ||
| 035 | _aEN-119530 | ||
| 035 | _aB-527831-856 | ||
| 037 | _bDBAD/PUB | ||
| 082 | _a512 | ||
| 100 | 1 | _aVinay Kumar | |
| 245 | 1 | 0 |
_aComprehensive Algebra / _cby Vinay Kumar |
| 260 |
_aNew Delhi _bTata McGraw Hill _c2013 |
||
| 270 |
_aP-24 Green Park Extension _bNew Delhi _e110016 |
||
| 300 |
_aV.1(various pagings) _c25cm(pbk) |
||
| 490 | _aMcGraw Hill Education winning edge series | ||
| 520 | _a13-14EN | ||
| 942 |
_2ddc _cEN _mVIN _h512 |
||